[Event "Titled Tue 3rd Jun Early"]
[Site "chess.com INT"]
[Date "2025.06.03"]
[Round "10"]
[White "Olhovik, Andrei"]
[Black "Karpenko, Anton"]
[Result "1-0"]
[WhiteTitle "FM"]
[BlackTitle "CM"]
[WhiteElo "2282"]
[BlackElo "2218"]
[WhiteFideId "13507397"]
[BlackFideId "34374353"]
[EventDate "2025.06.03"]

1. d4 Nf6 2. c4 e6 3. Nc3 Bb4 4. a3 Bxc3+ 5. bxc3 c5 6. f3 b6 7. e4 O-O 8. Bd3
d6 9. Ne2 e5 10. O-O Nc6 11. f4 cxd4 12. cxd4 Bg4 13. fxe5 dxe5 14. d5 Ne7 15.
Be3 Qd6 16. h3 Bh5 17. Qa4 Bxe2 18. Rxf6 Qxf6 19. Bxe2 Qd6 20. Qb4 Qd7 21. c5
bxc5 22. Bxc5 Rab8 23. Bxe7 Rxb4 24. Bxb4 Rb8 25. Bg4 Qd8 26. Rd1 Qb6+ 27. Kh1
a5 28. Be7 h5 29. Bxh5 g6 30. Bg4 Qb3 31. Bf6 Qxa3 32. d6 Qc5 33. d7 Rf8 1-0

[Event "Titled Tue 3rd Jun Early"]
[Site "chess.com INT"]
[Date "2025.06.03"]
[Round "10"]
[White "Rodriguez Avila, Alvaro"]
[Black "Grodotzki, Kenneth"]
[Result "1-0"]
[WhiteTitle "CM"]
[BlackTitle "CM"]
[WhiteElo "2204"]
[BlackElo "1984"]
[WhiteFideId "24570249"]
[BlackFideId "4648560"]
[EventDate "2025.06.03"]

1. e4 d6 2. d4 Nf6 3. Nc3 g6 4. Bc4 Bg7 5. Qe2 O-O 6. e5 dxe5 7. dxe5 Ng4 8. Nf3
Nc6 9. Bf4 Nd4 10. Qe4 c5 11. Nxd4 cxd4 12. Rd1 dxc3 13. Rxd8 Rxd8 14. bxc3 Bf5
15. Qe2 g5 16. h3 Nxf2 17. Qxf2 gxf4 18. Qxf4 e6 19. O-O Rd7 20. Bd3 Bg6 21. h4
Rc8 22. Qg5 h6 23. Qg3 Rc5 24. Bxg6 fxg6 25. Qxg6 Rxe5 26. Qe8+ 1-0

[Event "Titled Tue 3rd Jun Early"]
[Site "chess.com INT"]
[Date "2025.06.03"]
[Round "10"]
[White "Vidal Melendez, Ismael David"]
[Black "Aradhya, Garg"]
[Result "0-1"]
[WhiteTitle "FM"]
[BlackTitle "IM"]
[WhiteElo "2294"]
[BlackElo "2383"]
[WhiteFideId "3901718"]
[BlackFideId "25006746"]
[EventDate "2025.06.03"]

1. d4 d5 2. c4 c6 3. Nc3 Nf6 4. Nf3 dxc4 5. a4 Bf5 6. e3 e6 7. Bxc4 Bb4 8. O-O
O-O 9. Qe2 h6 10. e4 Bh7 11. Bd3 c5 12. dxc5 Bxc5 13. Rd1 Ng4 14. e5 Bxd3 15.
Rxd3 Qb6 16. Ne4 Nc6 17. a5 Qb5 18. h3 Ngxe5 19. Nxe5 Nxe5 20. Nxc5 Nxd3 21.
Nxd3 Rfd8 22. Nf4 Qxe2 23. Nxe2 Rd1+ 24. Kh2 Rc8 25. Kg3 Rc2 26. Kf3 e5 27. b3
Re1 28. Ke3 Rcxe2+ 29. Kf3 Rc2 0-1

[Event "Titled Tue 3rd Jun Early"]
[Site "chess.com INT"]
[Date "2025.06.03"]
[Round "10"]
[White "Bratovic, Blaz"]
[Black "Zhou, Yuxu"]
[Result "0-1"]
[WhiteTitle "IM"]
[BlackTitle "CM"]
[WhiteElo "2319"]
[BlackElo "2087"]
[WhiteFideId "14603551"]
[BlackFideId "8626421"]
[EventDate "2025.06.03"]

1. e4 c5 2. Nf3 Nf6 3. Nc3 d5 4. exd5 Nxd5 5. Bb5+ Bd7 6. Bxd7+ Qxd7 7. Nxd5
Qxd5 8. d4 Nc6 9. Be3 cxd4 10. Bxd4 O-O-O 11. c3 e5 12. Be3 Qe4 13. Qb1 Qg4 14.
O-O e4 15. h3 Qf5 16. Nd4 Nxd4 17. Bxd4 Bd6 18. Qd1 h5 19. Qe2 Kb8 20. a4 h4 21.
Qg4 Qd5 22. a5 f5 23. Qg5 Bc7 24. a6 Qd6 25. f4 exf3 26. Rxf3 Qh2+ 27. Kf2 Bg3+
28. Rxg3 hxg3+ 29. Qxg3+ Qxg3+ 30. Kxg3 b6 31. Rf1 Rhf8 32. Kh2 g5 33. g3 Rde8
34. Rf2 Re4 35. Kg2 f4 36. gxf4 gxf4 37. Kf3 Re6 38. Rg2 Rh6 39. Rg7 Rxh3+ 40.
Ke4 f3 41. Rb7+ Ka8 42. Bf2 Rh2 43. Ke3 Re8+ 44. Kxf3 Rf8+ 45. Kg3 Rhxf2 46. Rg7
Rxb2 0-1

[Event "Titled Tue 3rd Jun Early"]
[Site "chess.com INT"]
[Date "2025.06.03"]
[Round "10"]
[White "Krishna, C R G"]
[Black "Vasquez Schroeder, Rodrigo"]
[Result "0-1"]
[WhiteTitle "IM"]
[BlackTitle "GM"]
[WhiteElo "2453"]
[BlackElo "2446"]
[WhiteFideId "5018625"]
[BlackFideId "3400042"]
[EventDate "2025.06.03"]

1. Nf3 Nf6 2. c4 e6 3. e3 Be7 4. d4 O-O 5. Bd3 d5 6. O-O b6 7. cxd5 exd5 8. Nc3
Ba6 9. b3 c6 10. Bb2 Bxd3 11. Qxd3 Nbd7 12. Ne5 Nxe5 13. dxe5 Nd7 14. f4 f6 15.
Rad1 Nc5 16. Qc2 fxe5 17. fxe5 Rxf1+ 18. Rxf1 Qd7 19. Ne2 Bg5 20. Nf4 Re8 21.
Rc1 Rc8 22. b4 Ne6 23. Qf5 Bxf4 24. exf4 Rf8 25. Qc2 Nxf4 26. Kh1 Ne6 27. h3 c5
28. bxc5 bxc5 29. Rd1 Kh8 30. Ba3 Rc8 31. Qd3 d4 32. Qc4 Qc6 33. Rf1 h6 34. Rf7
Rd8 35. Re7 Rd5 36. Qf1 d3 37. Qf7 d2 38. Re8+ Qxe8 39. Qxe8+ Kh7 40. Qxe6 d1=Q+
41. Kh2 Qd3 42. Bc1 Qe4 0-1

[Event "Titled Tue 3rd Jun Early"]
[Site "chess.com INT"]
[Date "2025.06.03"]
[Round "10"]
[White "Aarit Kapil"]
[Black "Diachek, Andrii"]
[Result "1-0"]
[WhiteTitle "CM"]
[BlackTitle "CM"]
[WhiteElo "2098"]
[BlackElo "2226"]
[WhiteFideId "33408947"]
[BlackFideId "34106499"]
[EventDate "2025.06.03"]

1. Nf3 d5 2. g3 Nf6 3. d4 c6 4. Bg2 Bg4 5. O-O e6 6. c4 Nbd7 7. Nc3 Be7 8. Re1
O-O 9. Qb3 Qb6 10. c5 Qa6 11. Bf1 b6 12. h3 Bh5 13. g4 Bg6 14. e4 Qc8 15. e5 Ne4
16. Nxe4 dxe4 17. Ng5 bxc5 18. h4 cxd4 19. h5 h6 20. hxg6 Bxg5 21. Bxg5 hxg5 22.
gxf7+ Rxf7 23. Qxe6 Qe8 24. Bc4 Nxe5 25. Rxe4 Nf3+ 26. Kg2 Nh4+ 27. Kg3 Qb8+ 28.
Kh3 Kh7 29. Qxf7 Ng6 30. Rh1 Nh4 31. Qh5# 1-0

[Event "Titled Tue 3rd Jun Early"]
[Site "chess.com INT"]
[Date "2025.06.03"]
[Round "10"]
[White "Silva Lucena, Cristian"]
[Black "Garcia Correa, Jose Ricardo"]
[Result "1-0"]
[WhiteTitle "FM"]
[BlackTitle "FM"]
[WhiteElo "2257"]
[BlackElo "2103"]
[WhiteFideId "2232588"]
[BlackFideId "5101832"]
[EventDate "2025.06.03"]

1. d4 Nf6 2. c4 e6 3. Nc3 d5 4. cxd5 exd5 5. Bg5 Nbd7 6. e3 Be7 7. Bd3 O-O 8.
Qc2 c6 9. Nge2 Re8 10. O-O g6 11. f3 Nh5 12. Bxe7 Qxe7 13. e4 Nb6 14. e5 c5 15.
Bb5 Rd8 16. f4 a6 17. Ba4 cxd4 18. Nxd4 Qc5 19. Rad1 Nc4 20. Qf2 b5 21. Bb3 Ng7
22. Bxc4 dxc4 23. Ne4 Qb6 24. Nf6+ Kh8 25. Nc6 Qxf2+ 26. Kxf2 Rxd1 27. Rxd1 Be6
28. g4 h5 29. h3 a5 30. Nd4 b4 31. Nxe6 Nxe6 32. Rd7 Nxf4 33. Rxf7 Nxh3+ 34. Kg3
Ng5 35. Rc7 c3 36. bxc3 bxc3 37. gxh5 gxh5 38. Kh4 c2 39. Kxg5 c1=Q+ 40. Rxc1
Rg8+ 41. Nxg8 Kxg8 42. Kxh5 Kf7 43. Rc5 Ke6 44. Rxa5 1-0

[Event "Titled Tue 3rd Jun Early"]
[Site "chess.com INT"]
[Date "2025.06.03"]
[Round "10"]
[White "Harriott, Tyrell"]
[Black "Baules Rodriguez, Jorge Luis"]
[Result "1-0"]
[BlackTitle "IM"]
[WhiteElo "1924"]
[BlackElo "2257"]
[WhiteFideId "2086484"]
[BlackFideId "6600247"]
[EventDate "2025.06.03"]

1. d4 Nf6 2. e3 g6 3. Bd3 Bg7 4. f4 c5 5. Nf3 O-O 6. O-O d5 7. c3 b6 8. Nbd2 Ba6
9. Bxa6 Nxa6 10. f5 gxf5 11. Ne5 e6 12. Qf3 Nc7 13. Nd3 Qd6 14. Nf4 Kh8 15. Qh3
Ng4 16. Nf3 Bf6 17. Nh5 Qe7 18. b3 cxd4 19. exd4 Rg8 20. Bf4 Ne8 21. Rae1 Rg6
22. c4 Rd8 23. a3 Bg7 24. Nh4 Bxd4+ 25. Kh1 Rg8 26. Nxf5 Qd7 27. Nxd4 dxc4 28.
Nf3 f6 29. Qh4 e5 30. Nxf6 Nexf6 31. Nxe5 1-0

[Event "Titled Tue 3rd Jun Early"]
[Site "chess.com INT"]
[Date "2025.06.03"]
[Round "10"]
[White "Hayrapetyan, Artavazd R."]
[Black "Tica, Sven"]
[Result "1-0"]
[WhiteTitle "FM"]
[BlackTitle "IM"]
[WhiteElo "2350"]
[BlackElo "2429"]
[WhiteFideId "13304240"]
[BlackFideId "14526948"]
[EventDate "2025.06.03"]

1. e4 c5 2. Nc3 e6 3. f4 d5 4. e5 Nc6 5. Nf3 Nh6 6. d4 Nf5 7. Bb5 Qb6 8. Bxc6+
bxc6 9. Na4 Qa5+ 10. c3 cxd4 11. b4 Qb5 12. Nxd4 Nxd4 13. cxd4 a5 14. a3 axb4
15. axb4 Bxb4+ 16. Kf2 O-O 17. Be3 f6 18. exf6 Rxf6 19. Qc2 c5 20. Nxc5 Rxa1 21.
Rxa1 Bxc5 22. dxc5 d4 23. Bxd4 Rxf4+ 24. Ke3 e5 25. Bxe5 Rc4 26. Qd3 Qxc5+ 27.
Bd4 Qc6 28. Ra7 Qe6+ 29. Kd2 Qh6+ 30. Be3 1-0

[Event "Titled Tue 3rd Jun Early"]
[Site "chess.com INT"]
[Date "2025.06.03"]
[Round "10"]
[White "Baturin-Vinogradov, Miroslav"]
[Black "Novikova, Marharyta"]
[Result "1-0"]
[WhiteTitle "CM"]
[BlackTitle "WCM"]
[WhiteElo "2010"]
[BlackElo "1969"]
[WhiteFideId "55745741"]
[BlackFideId "14109689"]
[EventDate "2025.06.03"]

1. d4 e5 2. dxe5 Nc6 3. Nf3 Qe7 4. g3 Nxe5 5. Bg2 Nxf3+ 6. Bxf3 c6 7. O-O d5 8.
Nd2 Bh3 9. Re1 O-O-O 10. c3 h5 11. e4 d4 12. Qa4 dxc3 13. bxc3 Qc5 14. Nc4 Qb5
15. Qxb5 cxb5 16. Ne5 Be6 17. Be2 Bd6 18. Nf3 a6 19. Ng5 Nf6 20. Bf3 Be5 21. Bf4
Bxf4 22. gxf4 Bc4 23. Be2 Rd7 24. Bxc4 bxc4 25. Rab1 b5 26. a4 Rb7 27. Red1 Rd8
28. Rxd8+ Kxd8 29. Kg2 Ke7 30. Kf3 Ng4 31. h3 Nh6 32. e5 f6 33. Ne4 fxe5 34.
fxe5 Nf7 35. Kf4 Ke6 36. Nc5+ 1-0

[Event "Titled Tue 3rd Jun Early"]
[Site "chess.com INT"]
[Date "2025.06.03"]
[Round "10"]
[White "Elier, Ali"]
[Black "Duarte Cramer, Lily Jeanette"]
[Result "0-1"]
[WhiteTitle "CM"]
[BlackTitle "WCM"]
[WhiteElo "2142"]
[BlackElo "1828"]
[WhiteFideId "16217543"]
[BlackFideId "29620180"]
[EventDate "2025.06.03"]

1. e4 c5 2. c3 Nf6 3. e5 Nd5 4. d4 cxd4 5. Nf3 Nc6 6. Na3 d6 7. exd6 Qxd6 8. Nb5
Qd8 9. Nbxd4 Bg4 10. Be2 e6 11. O-O Bc5 12. Qa4 Bxf3 13. Nxc6 Qd7 14. Bxf3 bxc6
15. Qg4 O-O 16. Bh6 f5 17. Qg5 Qe7 18. Bxd5 exd5 19. Qxe7 Bxe7 20. Bf4 Bf6 21.
Rfe1 Rfe8 22. a4 Re4 23. Rxe4 fxe4 24. f3 exf3 25. gxf3 Re8 26. Kf2 Re7 27. Rc1
Rb7 28. b4 a5 29. bxa5 Ra7 30. c4 Rxa5 31. cxd5 cxd5 32. Rd1 d4 33. Ra1 Kf7 34.
Ke2 Ke6 35. Kd3 Kd5 36. h4 Bxh4 37. Rh1 g5 38. Bxg5 Bxg5 39. Rh5 h6 40. f4 Rxa4
41. fxg5 Ra3+ 42. Kd2 hxg5 43. Rxg5+ Ke4 44. Rg4+ Ke5 45. Rg5+ Kf4 46. Rd5 Ke4
47. Rd8 Ra2+ 48. Kd1 Kd3 49. Rc8 Ra1+ 50. Rc1 Rxc1+ 51. Kxc1 Ke2 52. Kc2 d3+ 0-1

[Event "Titled Tue 3rd Jun Early"]
[Site "chess.com INT"]
[Date "2025.06.03"]
[Round "10"]
[White "Laddha, Shubh Jayesh"]
[Black "Mizzi, Jack"]
[Result "1-0"]
[WhiteTitle "FM"]
[BlackTitle "CM"]
[WhiteElo "2303"]
[BlackElo "2086"]
[WhiteFideId "30942799"]
[BlackFideId "5602521"]
[EventDate "2025.06.03"]

1. d4 d5 2. Nc3 Nf6 3. Bf4 e6 4. Nb5 Na6 5. e3 c6 6. Nc3 Bd6 7. Bxa6 bxa6 8. Nf3
h6 9. Ne5 c5 10. O-O O-O 11. Na4 c4 12. Nc5 Bxc5 13. dxc5 Ne4 14. b4 cxb3 15.
cxb3 Nxc5 16. Rc1 Ne4 17. Nc6 Qd7 18. Nd4 Nd6 19. Qg4 Kh7 20. Rc2 Bb7 21. Be5 f5
22. Qh4 Rac8 23. Rfc1 Rxc2 24. Rxc2 Rc8 25. Rxc8 Qxc8 26. h3 Nf7 27. Qe7 Nxe5
28. Nxe6 Qg8 29. Nf4 d4 30. Qxe5 Be4 31. Qxd4 g5 32. Nh5 Kg6 33. Nf6 Qe6 34. Nd7
Bb7 35. Nf8+ 1-0

[Event "Titled Tue 3rd Jun Early"]
[Site "chess.com INT"]
[Date "2025.06.03"]
[Round "10"]
[White "Mendonca, Leon Luke"]
[Black "Le, Tuan Minh"]
[Result "1-0"]
[WhiteTitle "GM"]
[BlackTitle "GM"]
[WhiteElo "2630"]
[BlackElo "2598"]
[WhiteFideId "35028561"]
[BlackFideId "12401153"]
[EventDate "2025.06.03"]

1. c4 c6 2. Nf3 d5 3. e3 Nf6 4. d4 Bf5 5. Nc3 e6 6. Nh4 Be4 7. f3 Bg6 8. Bd2 Be7
9. Nxg6 hxg6 10. Qc2 a6 11. O-O-O dxc4 12. Bxc4 b5 13. Be2 Nbd7 14. Kb1 Rc8 15.
e4 c5 16. d5 exd5 17. Nxd5 Nxd5 18. exd5 c4 19. d6 Bf6 20. h4 O-O 21. h5 g5 22.
f4 gxf4 23. Bxf4 Nc5 24. Bg4 Rc6 25. Bf3 Rb6 26. Qf5 Ne6 27. Be4 g6 28. hxg6
Nxf4 29. g7 Ng6 30. Qh5 Re8 31. Qh7# 1-0

[Event "Titled Tue 3rd Jun Early"]
[Site "chess.com INT"]
[Date "2025.06.03"]
[Round "10"]
[White "Goldin, Roman"]
[Black "Ejsymont, Blanka"]
[Result "0-1"]
[WhiteTitle "FM"]
[BlackTitle "WCM"]
[WhiteElo "2296"]
[BlackElo "1907"]
[WhiteFideId "2803860"]
[BlackFideId "21088268"]
[EventDate "2025.06.03"]

1. e4 c5 2. Nf3 d6 3. Bc4 Nf6 4. e5 dxe5 5. Nxe5 e6 6. Qe2 Bd6 7. f4 Nbd7 8.
Nxf7 Kxf7 9. Qxe6+ Kg6 10. Qxd6 Re8+ 11. Kf1 h6 12. d3 a6 13. a4 Rb8 14. a5 Kh7
15. Nc3 b5 16. Be6 b4 17. Ne4 Nxe4 18. dxe4 Rxe6 19. Qxe6 Nf6 20. Qe5 Qd1+ 21.
Kf2 Qxh1 22. Kg3 Ng4 23. Qxb8 Qe1+ 24. Kh3 Nf2+ 0-1

[Event "Titled Tue 3rd Jun Early"]
[Site "chess.com INT"]
[Date "2025.06.03"]
[Round "10"]
[White "Levano Loayza, Adriano Jaffet"]
[Black "Sickmann, Lisa"]
[Result "1/2-1/2"]
[WhiteTitle "CM"]
[BlackTitle "WFM"]
[WhiteElo "2049"]
[BlackElo "1970"]
[WhiteFideId "3865584"]
[BlackFideId "16267818"]
[EventDate "2025.06.03"]

1. d4 Nf6 2. c4 g6 3. Nc3 Bg7 4. e4 d6 5. h3 O-O 6. Be3 e5 7. d5 Nbd7 8. Nf3 Nc5
9. Nd2 a5 10. g4 a4 11. Be2 Bd7 12. h4 Qc8 13. f3 h5 14. g5 Ne8 15. Qc2 c6 16.
f4 exf4 17. Bxf4 Be5 18. Bxe5 dxe5 19. O-O-O Nd6 20. Rdf1 b5 21. dxc6 Bxc6 22.
cxb5 Bb7 23. Nd5 Bxd5 24. exd5 Qd7 25. Kb1 Rac8 26. Nf3 Nxb5 27. Nxe5 Qxd5 28.
Nxg6 fxg6 29. Qxg6+ Kh8 30. Qxh5+ Kg8 31. Qg6+ Kh8 32. Bxb5 Rxf1+ 33. Rxf1 Ne4
34. Ka1 Qxb5 35. Qh6+ Kg8 36. Qg6+ Kh8 37. Qh6+ Kg8 38. Qg6+ Kh8 1/2-1/2

[Event "Titled Tue 3rd Jun Early"]
[Site "chess.com INT"]
[Date "2025.06.03"]
[Round "10"]
[White "Materia, Marco"]
[Black "Rojas Alarcon, Julian Antonio"]
[Result "1-0"]
[WhiteTitle "IM"]
[BlackTitle "FM"]
[WhiteElo "2489"]
[BlackElo "2365"]
[WhiteFideId "45150451"]
[BlackFideId "5107407"]
[EventDate "2025.06.03"]

1. Nf3 g6 2. c4 Nf6 3. Nc3 c5 4. g3 Bg7 5. Bg2 O-O 6. O-O d5 7. cxd5 Nxd5 8.
Nxd5 Qxd5 9. d3 Nc6 10. a3 Bd7 11. Qc2 Rac8 12. Bf4 Qh5 13. Rac1 b6 14. Qb1 Bh3
15. b4 cxb4 16. axb4 Bxg2 17. Kxg2 Qb5 18. Rc4 e5 19. Be3 Nd4 20. Bxd4 exd4 21.
Rfc1 Rce8 22. Qa2 Qd5 23. Qxa7 Rxe2 24. Qxb6 Qf5 25. Rd1 Ra8 26. Rc5 Qd7 27. Ra5
Rc8 28. Rc5 Ra8 29. Rd2 Re6 30. Qc7 Qa4 31. b5 Qb4 32. Rdc2 h6 33. Qd7 Rae8 34.
Rc8 Qf8 35. Rxe8 Rxe8 36. b6 Kh7 37. b7 Re7 38. Qxe7 Qxe7 39. b8=Q 1-0

[Event "Titled Tue 3rd Jun Early"]
[Site "chess.com INT"]
[Date "2025.06.03"]
[Round "10"]
[White "Momunaliev, Ruslan"]
[Black "Lira, Suan Bruno Fernandes"]
[Result "1-0"]
[WhiteTitle "CM"]
[WhiteElo "2213"]
[BlackElo "2163"]
[WhiteFideId "13812211"]
[BlackFideId "22794620"]
[EventDate "2025.06.03"]

1. e4 c5 2. Nf3 Nc6 3. Bb5 Nf6 4. e5 Nd5 5. Nc3 Nc7 6. Bxc6 dxc6 7. d4 cxd4 8.
Qxd4 Qxd4 9. Nxd4 g6 10. Be3 Bg7 11. f4 O-O 12. O-O-O Bg4 13. Rd2 Rfd8 14. h3
Bd7 15. Rhd1 Be8 16. Nb3 Rxd2 17. Rxd2 b6 18. a4 c5 19. a5 Bc6 20. g3 h5 21. Rd1
Bg2 22. Rd7 Rc8 23. h4 Bc6 24. Rd1 Kf8 25. Nd2 Ne6 26. axb6 axb6 27. Nc4 Rb8 28.
Nd5 b5 29. Na5 Ba8 30. b4 c4 31. Bc5 Nxc5 32. bxc5 e6 33. Nb6 Ke8 34. c6 Rxb6
35. c7 Bb7 36. Nxb7 Rc6 37. Rd8+ Ke7 38. c8=Q 1-0

[Event "Titled Tue 3rd Jun Early"]
[Site "chess.com INT"]
[Date "2025.06.03"]
[Round "10"]
[White "Donoso Aguirre, Maximiliano"]
[Black "Aravindhan, Achyuth"]
[Result "1-0"]
[WhiteTitle "CM"]
[BlackTitle "CM"]
[WhiteElo "2002"]
[BlackElo "2098"]
[WhiteFideId "3458920"]
[BlackFideId "1084216"]
[EventDate "2025.06.03"]

1. e4 c5 2. c3 Nf6 3. e5 Nd5 4. Nf3 Nc6 5. Bc4 Nb6 6. Bb3 d6 7. exd6 exd6 8. O-O
Be7 9. d4 O-O 10. Bc2 Bg4 11. Qd3 g6 12. Bh6 Re8 13. d5 Bf5 14. Qd2 Bxc2 15.
dxc6 Be4 16. cxb7 Bxb7 17. Ng5 Bf8 18. Qf4 Qd7 19. Bxf8 Rxf8 20. Na3 Rae8 21.
Rad1 d5 22. Rfe1 Rxe1+ 23. Rxe1 Re8 24. Rxe8+ Qxe8 25. h3 Kg7 26. Kh2 h6 27. Nf3
Qe6 28. Nb5 a6 29. Nc7 Qf6 30. Ne8+ 1-0

[Event "Titled Tue 3rd Jun Early"]
[Site "chess.com INT"]
[Date "2025.06.03"]
[Round "10"]
[White "Tan, Zhongyi"]
[Black "Sturt, Raven"]
[Result "0-1"]
[WhiteTitle "GM"]
[BlackTitle "GM"]
[WhiteElo "2536"]
[BlackElo "2459"]
[WhiteFideId "8603642"]
[BlackFideId "2007304"]
[EventDate "2025.06.03"]

1. e4 e5 2. Nf3 Nc6 3. Bb5 Nd4 4. Nxd4 exd4 5. O-O c6 6. Ba4 Nf6 7. c3 Bc5 8. b4
Bb6 9. Na3 O-O 10. e5 Nd5 11. Bb2 d3 12. Qf3 d6 13. exd6 Qxd6 14. Nc4 Qg6 15.
Ne5 Qg5 16. Rae1 Bc7 17. c4 Nf4 18. Kh1 Be6 19. Re4 Ng6 20. Nxg6 fxg6 21. Qe3
Qh5 22. f4 Bf5 23. Re7 Rf7 24. Rxf7 Kxf7 25. Re1 Qh4 26. c5 Bxf4 27. Bb3+ Kf8
28. Bxg7+ Kxg7 29. Qe7+ Qxe7 30. Rxe7+ Kh6 0-1

[Event "Titled Tue 3rd Jun Early"]
[Site "chess.com INT"]
[Date "2025.06.03"]
[Round "10"]
[White "Newansa, M Esandi"]
[Black "Sarveshwaran V"]
[Result "1-0"]
[WhiteTitle "WCM"]
[BlackTitle "CM"]
[WhiteElo "1947"]
[BlackElo "2290"]
[WhiteFideId "9999060"]
[BlackFideId "25699016"]
[EventDate "2025.06.03"]

1. d4 Nf6 2. Bf4 c5 3. d5 d6 4. c4 e5 5. Bg5 Nbd7 6. Nc3 h6 7. Bh4 g5 8. Bg3 Nh5
9. e4 Nxg3 10. hxg3 Bg7 11. Nf3 Nf8 12. Nd2 f5 13. Qh5+ Ke7 14. Bd3 f4 15. gxf4
exf4 16. g3 fxg3 17. fxg3 Qe8 18. Qf3 Ng6 19. O-O-O Ne5 20. Qe3 Bg4 21. Rdf1 Qd7
22. Bc2 Raf8 23. Nb5 a6 24. Nc3 Rxf1+ 25. Rxf1 Rf8 26. Rxf8 Bxf8 27. Bd1 Bxd1
28. Nxd1 Qg4 29. Nf2 Qh5 30. Kc2 Bg7 31. b3 Qf7 32. Nb1 Nf3 33. Nd3 Bd4 34. Qe2
Be5 35. Nxe5 Nd4+ 36. Kd3 dxe5 37. Qg2 b5 38. Nd2 Kd6 39. Qh3 bxc4+ 40. Nxc4+
Kc7 41. Nxe5 Qf2 42. Qd7+ Kb6 43. Nc4# 1-0

[Event "Titled Tue 3rd Jun Early"]
[Site "chess.com INT"]
[Date "2025.06.03"]
[Round "10"]
[White "Ishvi, Aggarwal"]
[Black "Pacheco, Daniel"]
[Result "0-1"]
[WhiteTitle "WCM"]
[BlackTitle "FM"]
[WhiteElo "1954"]
[BlackElo "2191"]
[WhiteFideId "25728890"]
[BlackFideId "101680"]
[EventDate "2025.06.03"]

1. d4 Nf6 2. c4 g6 3. g3 Bg7 4. Bg2 O-O 5. Nc3 c5 6. d5 d6 7. Nf3 e5 8. e4 b5 9.
cxb5 a6 10. b6 Nbd7 11. O-O Nxb6 12. Nd2 a5 13. b3 a4 14. Nxa4 Nxa4 15. bxa4 Qd7
16. Nc4 Ba6 17. Nb6 Qa7 18. Nxa8 Bxf1 19. Qxf1 Rxa8 20. Qb5 Qxa4 21. Qxa4 Rxa4
22. f3 Nd7 23. Bf1 c4 24. Kf2 f5 25. exf5 gxf5 26. Bh3 e4 27. Rb1 Rxa2+ 28. Kg1
exf3 29. Bxf5 Bd4+ 30. Kh1 Ne5 31. Bh6 Ra1 32. Rxa1 Bxa1 33. Be6+ Kh8 34. Bf8 c3
35. Bxd6 c2 36. Ba3 Nc4 37. Bc1 Bb2 38. d6 Bxc1 39. Bxc4 Ba3 40. d7 c1=Q+ 41.
Bf1 Qxf1# 0-1

[Event "Titled Tue 3rd Jun Early"]
[Site "chess.com INT"]
[Date "2025.06.03"]
[Round "10"]
[White "Klabis, Rokas"]
[Black "Hrabinska, Myroslava"]
[Result "1-0"]
[WhiteTitle "IM"]
[BlackTitle "WGM"]
[WhiteElo "2406"]
[BlackElo "2121"]
[WhiteFideId "12805246"]
[BlackFideId "14109190"]
[EventDate "2025.06.03"]

1. e4 c5 2. Nc3 Nc6 3. g3 g6 4. Bg2 Bg7 5. d3 d6 6. Be3 e6 7. Qd2 Rb8 8. a4 a6
9. h4 h5 10. Nh3 Nge7 11. O-O b5 12. axb5 axb5 13. Kh2 b4 14. Nd1 b3 15. c3 Ne5
16. Kg1 O-O 17. Bh6 Qb6 18. Bxg7 Kxg7 19. Ne3 Ba6 20. c4 N7c6 21. f4 Ng4 22. f5
Nd4 23. Nxg4 hxg4 24. f6+ Kh7 25. Nf2 Rh8 26. Nxg4 Kg8 27. Nh6+ Kf8 28. h5 Ne2+
29. Kh2 e5 30. Bh3 Bc8 31. Bxc8 Rxc8 32. Kg2 Qd8 33. Ra7 1-0

[Event "Titled Tue 3rd Jun Early"]
[Site "chess.com INT"]
[Date "2025.06.03"]
[Round "10"]
[White "Nguyen Thien Ngan"]
[Black "Ugarte Soto, Cesar"]
[Result "1-0"]
[WhiteTitle "WIM"]
[BlackTitle "CM"]
[WhiteElo "1998"]
[BlackElo "2088"]
[WhiteFideId "12414816"]
[BlackFideId "3601331"]
[EventDate "2025.06.03"]

1. e4 c5 2. Nf3 d6 3. d4 cxd4 4. Nxd4 Nf6 5. Nc3 g6 6. Be3 a6 7. f3 h5 8. Qd2
Bg7 9. h4 Nbd7 10. Bc4 Qc7 11. Bb3 b5 12. O-O-O Bb7 13. Kb1 Nb6 14. Nce2 Nfd7
15. g4 Ne5 16. gxh5 Rxh5 17. Nf4 Nec4 18. Qe1 Nxe3 19. Nxh5 Bxd4 20. Rxd4 Nxc2
21. Bxc2 Rc8 22. Bb3 gxh5 23. Rg1 e6 24. Rg8+ Ke7 25. Rxc8 Qxc8 26. Qg1 Qc5 27.
Rd1 a5 28. Qg5+ Qxg5 29. hxg5 a4 30. Bc2 Nc4 31. Rh1 Ne5 32. f4 Ng6 33. Rf1 e5
34. f5 Nf4 35. b3 axb3 36. axb3 d5 37. Kb2 dxe4 38. Re1 Nh3 39. Bxe4 Bxe4 40.
Rxe4 Nxg5 41. Rxe5+ Kf6 42. Rxb5 h4 43. Rb4 h3 44. Rh4 Kxf5 45. b4 Ke5 46. Kc3
Kd5 47. Rh5 f6 48. Rh6 Ke5 49. b5 Kf4 50. b6 Kg3 51. b7 Ne4+ 52. Kd4 Nd6 53.
b8=Q 1-0

[Event "Titled Tue 3rd Jun Early"]
[Site "chess.com INT"]
[Date "2025.06.03"]
[Round "10"]
[White "Venkatesh, Narayan"]
[Black "Sabatier, Mathis"]
[Result "1-0"]
[WhiteTitle "FM"]
[BlackTitle "CM"]
[WhiteElo "2168"]
[BlackElo "2235"]
[WhiteFideId "30987881"]
[BlackFideId "26029685"]
[EventDate "2025.06.03"]

1. d4 d5 2. Nf3 Nf6 3. c4 dxc4 4. e3 a6 5. Bxc4 b5 6. Be2 Bb7 7. O-O e6 8. a4 b4
9. Nbd2 Nbd7 10. Nc4 c5 11. b3 Be7 12. Bb2 O-O 13. Nfe5 cxd4 14. Qxd4 Nxe5 15.
Nxe5 Qxd4 16. Bxd4 Nd5 17. Rac1 Rac8 18. Bc4 Rfd8 19. Rfd1 Bf6 20. Kf1 h6 21.
Nf3 Nc3 22. Rd3 Bxf3 23. Bxf6 Bxg2+ 24. Kxg2 Rxd3 25. Bxd3 gxf6 26. Bxa6 Rc5 27.
Bd3 f5 28. Kf1 Kg7 29. Ke1 Kf6 30. Kd2 Ke5 31. Ra1 Ra5 32. Bc4 f4 33. Rg1 fxe3+
34. Kxe3 Nd5+ 35. Bxd5 exd5 36. Rg4 Rc5 37. Rxb4 Rc3+ 38. Kd2 Rf3 39. Ke2 Rc3
40. a5 Rc2+ 41. Ke3 Ra2 42. Ra4 Rb2 43. Ra3 d4+ 44. Kd3 Rxf2 45. a6 Rf3+ 46. Ke2
Re3+ 47. Kd2 1-0